000 00878nam1a2200301 i 4500
001 RU\NLR\bibl\1812875
005 20240726023328.0
035 _a(NLR Aleph) 001803472
090 _a1797673
_c1797673
100 _a20110927g20119999u y0rusy50 ca
101 0 _arus
102 _aRU
105 _a||||z |||||
200 1 _aНибиру
_fИгорь Михалков
210 _aМосква
_cЭксмо
_d2011
215 _d21
225 1 _aZ.A.K.A.T.
_iХроники конца света
463 0 _10011807542
463 0 _10011853736
686 _aШ6(2=Р)8-445
700 1 _aМихалков
_bИ.
_gИгорь
_4070
801 0 _aRU
_bNLR
_c20110927
_gRCR
801 1 _aRU
_bNLR
_c20110927
852 _aNLR
_j2011-3/27601
942 _cBOOK
980 _aNBR